Geography Quiz

Random Geography or City Quiz

Oceania Populous Cities Quiz Stats

 Plays Quiz Updated Dec 18, 2018

     
Support Sporcle.
Go Orange.
Score 0/29 Timer 08:00
13 Plays Today
City % Correct
Sydney, Australia
97.5%
Melbourne, Australia
85.8%
Wellington, New Zealand
81.8%
Perth, Australia
80.9%
Canberra - Queanbeyan
78.3%
Auckland, New Zealand
75.3%
Brisbane, Australia
63.1%
Adelaide, Australia
58.2%
Darwin, Australia
57.4%
Christchurch, New Zealand
56.3%
Port Moresby, Papua New Guinea
48.8%
Hobart, Australia
46.9%
Greater Suva, Fiji
35.2%
Cairns, Australia
32.6%
Gold Coast - Tweed, Australia
31.9%
City % Correct
Newcastle, Australia
24.4%
Dunedin, New Zealand
23.4%
Townsville, Australia
17.8%
Hamilton, New Zealand
15.3%
Wollongong, Australia
15.2%
Geelong, Australia
13.7%
Noumea, New Caledonia
13.7%
Sunshine Coast, Australia
11.3%
Napier - Hastings, New Zealand
9.7%
Launceston, Australia
9.5%
Toowoomba, Australia
8.3%
Lae, Papua New Guinea
8.1%
Tauranga, New Zealand
7.7%
Albury - Wodonga, Australia
5.9%

From the Vault

Greek, Roman, Norse, or Egyptian God?

by El_Dandy

This should just about cover all your mythology needs.
Remove Ads.
Support Sporcle.
Get the best of Sporcle when you Go Orange. This ad-free experience offers more features, more stats, and more fun while also helping to support Sporcle. Thank you for becoming a member.

Show Comments

Extras

Top Quizzes Today


Score Distribution

Your Account Isn't Verified!

In order to create a playlist on Sporcle, you need to verify the email address you used during registration. Go to your Sporcle Settings to finish the process.

Report this User

Report this user for behavior that violates our Community Guidelines.

Details: